Inteligencia artificial, tecnologías emergentes y derecho. reflexiones interdisciplinarias / volumen 3 :
Guardado en:
| Otros Autores: | , , , , , , , , , , , |
|---|---|
| Formato: | Libro |
| Idioma: | Undetermined |
| Publicado: |
Buenos Aires :
Hammurabi,
2022.
|
| Edición: | 1a. ed. |
| Materias: | |
| Etiquetas: |
Agregar Etiqueta
Sin Etiquetas, Sea el primero en etiquetar este registro!
|
| LEADER | 01016nam a22003015a 4500 | ||
|---|---|---|---|
| 001 | DER.der015603 | ||
| 008 | 251212s2022####ag############000#0#und#d | ||
| 005 | 20251212175610.0 | ||
| 245 | 1 | 0 | |a Inteligencia artificial, tecnologías emergentes y derecho. |n volumen 3 : |b reflexiones interdisciplinarias / |c dirigido por Cecilia C. Danesi. |
| 250 | |a 1a. ed. | ||
| 260 | |a Buenos Aires : |b Hammurabi, |c 2022. | ||
| 300 | |a 267 p. | ||
| 020 | |a 9789878053660 | ||
| 700 | 1 | |a Danesi, Cecilia C., |e dir. | |
| 700 | 1 | |a Baricco Prats, Macarena. | |
| 700 | 1 | |a Borrelli Ozón, Sol Aylén. | |
| 700 | 1 | |a Caramelo, Gustavo. | |
| 700 | 1 | |a Corvalán, Juan. | |
| 700 | 1 | |a Danesi, Cecilia C. | |
| 700 | 1 | |a Degano, Germán Augusto. | |
| 700 | 1 | |a Guillén, Santiago Robert. | |
| 700 | 1 | |a Laboureau, Agustina. | |
| 700 | 1 | |a Macchiavelli, Nieves. | |
| 700 | 1 | |a Marhaba, Débora. | |
| 700 | 1 | |a Martino, Antonio A. | |
| 700 | 1 | |a Mitelli, Noelia Victoria. | |
| 650 | 7 | |a INTELIGENCIA ARTIFICIAL | |
| 859 | |a DERECHO |b BIB. DERECHO |h 347 |i DAN |p 0010758 | ||
